[Event "Bled Olympiad"]
[Site "Bled SLO"]
[Date "2002.11.08"]
[EventDate "2002.10.26"]
[Round "13"]
[Result "1/2-1/2"]
[White "Evgeni Egorov"]
[Black "Throstur Thorhallsson"]
[WhiteElo "2446"]
[BlackElo "2443"]
[PlyCount "107"]

1. e4 c5 2. Nc3 d6 3. Nf3 Nf6 4. e5 dxe5 5. Nxe5 Nbd7 6. d4 e6
7. Bb5 a6 8. Bxd7+ Nxd7 9. Qh5 Nxe5 10. dxe5 Bd7 11. Bg5 Qc7
12. O-O-O Bc6 13. Rhe1 Be7 14. Rd3 Rd8 15. Rxd8+ Qxd8 16. h4
O-O 17. Rd1 Qc7 18. Bxe7 Qxe7 19. g3 Rd8 20. Rxd8+ Qxd8
21. Qd1 Qc7 22. Qe2 h6 23. Qe3 Qe7 24. a3 Kf8 25. Ne2 Kg8
26. Nc3 Kf8 27. Nd1 Kg8 28. Qd2 Qc7 29. Qc3 b6 30. b3 a5
31. f4 Bb5 32. b4 axb4 33. axb4 Qc6 34. bxc5 bxc5 35. Qa5 Be2
36. Nc3 Bf1 37. Qd8+ Kh7 38. Qd1 Qg2 39. Qe1 Kg8 40. Ne4 Qf3
41. Kb1 Bc4 42. Kb2 h5 43. Nxc5 Bd5 44. Na6 Kh7 45. Qc3 Kg6
46. Nb4 Kf5 47. Qc7 Kg6 48. Qd6 Be4 49. Qd4 Kf5 50. Qa7 Kg6
51. Qg1 Kf5 52. Qa7 Kg6 53. Qd4 Kf5 54. Qa7 1/2-1/2

[Event "Bled Olympiad"]
[Site "Bled SLO"]
[Date "2002.11.08"]
[EventDate "2002.10.26"]
[Round "13"]
[Result "1/2-1/2"]
[White "Torstein Bae"]
[Black "Gadir Guseinov"]
[WhiteElo "2370"]
[BlackElo "2513"]
[PlyCount "167"]

1. d4 Nf6 2. c4 g6 3. Nc3 Bg7 4. e4 O-O 5. Be3 d6 6. f3 a6
7. Nge2 Nbd7 8. Qd2 c5 9. Rd1 Qa5 10. dxc5 dxc5 11. Nc1 Re8
12. Be2 Qc7 13. Nb3 b6 14. O-O Bb7 15. a4 Nf8 16. a5 bxa5
17. Nxc5 Bc6 18. Nd5 Bxd5 19. cxd5 N6d7 20. Rc1 Nxc5 21. Rxc5
Qb7 22. Rxa5 Rec8 23. Rc1 Rxc1+ 24. Qxc1 Bxb2 25. Qc6 Qb4
26. Kf2 Rb8 27. Qc5 Qb3 28. Qc4 Qb7 29. Rxa6 Qd7 30. Qc6 Qd8
31. Ra7 e6 32. Qc7 Qh4+ 33. Qg3 Qd8 34. Qf4 Qe8 35. d6 Nd7
36. Qg5 Bf6 37. Qa5 Ne5 38. Qd2 Rb2 39. d7 Qb8 40. Qd1 Rb1
41. Qd2 Rb2 42. Qd1 Kg7 43. Ra3 Qb5 44. Kf1 Qxd7 45. Qxd7 Nxd7
46. Ra7 Ne5 47. Rc7 Rb3 48. Kf2 g5 49. Rc2 h6 50. Rd2 Ng6
51. Rd3 Rb7 52. Rd2 Bc3 53. Rc2 Be5 54. g3 Rb1 55. Rd2 Kf6
56. Rd1 Rb3 57. Rd3 Rb4 58. Rd7 Rb2 59. Rd2 Rb7 60. Bd3 Bc7
61. Bd4+ Be5 62. Be3 Rc7 63. Rc2 Rd7 64. Bb5 Rd1 65. Rc1 Rd8
66. Ke2 h5 67. Rd1 Rb8 68. Bd3 Rb3 69. Kf2 h4 70. Rd2 Ra3
71. Rd1 Ra2+ 72. Rd2 Ra1 73. Kg2 Ra4 74. Kf2 Ra3 75. Rd1 Rb3
76. Rd2 Bc3 77. Rc2 e5 78. Ke2 Nf8 79. Bc4 Rb2 80. Rxb2 Bxb2
81. Bc5 Nd7 82. Bf2 hxg3 83. Bxg3 Nf8 84. h4 1/2-1/2

[Event "Bled Olympiad"]
[Site "Bled SLO"]
[Date "2002.11.08"]
[EventDate "2002.10.26"]
[Round "13"]
[Result "1-0"]
[White "Viacheslav Dydyshko"]
[Black "Rashid Khouseinov"]
[WhiteElo "2539"]
[BlackElo "2331"]
[PlyCount "111"]

1. d4 d6 2. Nf3 Nf6 3. c4 Nbd7 4. Nc3 c6 5. e4 e5 6. Be2 Be7
7. O-O O-O 8. Qc2 Re8 9. Rd1 Qc7 10. Rb1 Nf8 11. d5 Bd7
12. Be3 Ng6 13. h3 h6 14. Qd2 Bf8 15. b4 Rec8 16. Rdc1 Qd8
17. Bd3 Nh5 18. c5 Nhf4 19. dxc6 Bxc6 20. Bc4 dxc5 21. bxc5
Qe8 22. Nd5 Rd8 23. Rd1 Rd7 24. Qb2 Rad8 25. Rd2 Kh8 26. Rbd1
f5 27. Bxf4 Nxf4 28. Nxe5 Bxd5 29. exd5 Bxc5 30. Bb5 Qh5
31. Bxd7 Rxd7 32. Nd3 Nxd3 33. Rxd3 b6 34. Re1 Kh7 35. Re6 Qh4
36. Qc2 Rc7 37. Rf3 g6 38. Rc6 Rf7 39. Qd3 Qb4 40. g3 Qa4
41. a3 h5 42. Kg2 a5 43. Rf4 Qxa3 44. Qxa3 Bxa3 45. Rxb6 Rd7
46. Rb5 Bb4 47. Rc4 Kg7 48. Rc6 h4 49. gxh4 Kh6 50. Rc8 Kg7
51. h5 gxh5 52. Rc6 h4 53. Kf3 Bd6 54. Rxa5 Kf6 55. Raa6 Ke5
56. Rxd6 1-0

[Event "Bled Olympiad"]
[Site "Bled SLO"]
[Date "2002.11.08"]
[EventDate "2002.10.26"]
[Round "13"]
[Result "0-1"]
[White "Jamshed Isaev"]
[Black "Alexei Fedorov"]
[WhiteElo "2440"]
[BlackElo "2564"]
[PlyCount "78"]

1. e4 c5 2. Nf3 Nc6 3. d4 cxd4 4. Nxd4 e5 5. Nb5 d6 6. c4 Be7
7. N1c3 a6 8. Na3 f5 9. exf5 Bxf5 10. Bd3 Be6 11. Nc2 Nf6
12. O-O O-O 13. Ne3 Qd7 14. Ncd5 Bd8 15. b3 Nd4 16. Bb2 Nxd5
17. cxd5 Bf7 18. Bxd4 exd4 19. Bf5 Qb5 20. Qd2 d3 21. Qxd3 Bf6
22. Qe4 g6 23. Ng4 Bxa1 24. Rxa1 Qc5 25. Be6 Kg7 26. Re1 h5
27. Ne3 Rae8 28. g4 Qc3 29. Rf1 hxg4 30. Qxg4 Bxe6 31. dxe6
Qe5 32. Qg2 d5 33. Rd1 Rxe6 34. Rxd5 Qa1+ 35. Nf1 Rf7 36. Rd2
Rfe7 37. Qg5 Re5 38. Qh4 Re4 39. Qh3 Re1 0-1

[Event "Bled Olympiad"]
[Site "Bled SLO"]
[Date "2002.11.08"]
[EventDate "2002.10.26"]
[Round "13"]
[Result "1-0"]
[White "Aleksej Aleksandrov"]
[Black "Farrukh Amonatov"]
[WhiteElo "2621"]
[BlackElo "2518"]
[PlyCount "75"]

1. d4 d5 2. c4 c6 3. Nc3 Nf6 4. e3 a6 5. Nf3 b5 6. cxd5 cxd5
7. Ne5 e6 8. Bd3 Be7 9. O-O O-O 10. Bd2 Bb7 11. Rc1 Nbd7
12. f4 Ne4 13. a4 b4 14. Nxe4 dxe4 15. Bc4 Nb6 16. Bb3 Qd6
17. f5 exf5 18. Rxf5 Bf6 19. Qf1 Bxe5 20. Rxe5 Bd5 21. Bxd5
Nxd5 22. Qc4 Rfd8 23. Qc6 Qxc6 24. Rxc6 f6 25. Rxe4 Rac8
26. Ree6 a5 27. Red6 Ne7 28. Rxd8+ Rxd8 29. Rc5 Rd5 30. Rxd5
Nxd5 31. e4 Ne7 32. Kf2 Kf7 33. d5 Ng6 34. Ke3 Ke7 35. Be1 Ne5
36. Kd4 Kd7 37. Bg3 Nf7 38. Kc4 1-0

[Event "Bled Olympiad"]
[Site "Bled SLO"]
[Date "2002.11.08"]
[EventDate "2002.10.26"]
[Round "13"]
[Result "1/2-1/2"]
[White "Marat Mamadshoev"]
[Black "Viktor Kupreichik"]
[WhiteElo "2263"]
[BlackElo "2485"]
[PlyCount "152"]

1. e4 c5 2. Nf3 d6 3. d4 cxd4 4. Nxd4 Nf6 5. Nc3 Nc6 6. Bc4
Bd7 7. Bb3 g6 8. f3 Nxd4 9. Qxd4 Bg7 10. Be3 O-O 11. Qd2 b5
12. O-O Bc6 13. Rfd1 Nd7 14. Bd4 Bxd4+ 15. Qxd4 Qb6 16. Bd5
Rfc8 17. Rac1 Qxd4+ 18. Rxd4 Rab8 19. Bxc6 Rxc6 20. Nd5 Kf8
21. Kf2 a5 22. Ke2 h5 23. Ne3 e6 24. Rcd1 Ke7 25. a4 bxa4
26. Rxa4 Rxb2 27. Rxa5 Ne5 28. Ra7+ Kf6 29. Ra4 g5 30. Rad4
Ke7 31. R1d2 Ra2 32. Rd1 Ng6 33. R1d2 Ra1 34. Kf2 Ra3 35. Nc4
Raa6 36. Ne3 Ne5 37. Ke2 Ra3 38. Kf2 Rac3 39. Ke2 Ra6 40. Nd1
Rc8 41. Ne3 Ng6 42. Kf2 Nf4 43. Nc4 Rcc6 44. Ne3 Ra2 45. c4
Rca6 46. Rxd6 R6a3 47. Rd7+ Kf6 48. Nf1 Ra1 49. Rd1 R3a2+
50. R7d2 Nd3+ 51. Ke2 Ne5 52. Rxa1 Rxa1 53. Ne3 Rc1 54. Rc2
Rxc2+ 55. Nxc2 Nxc4 56. Kd3 Ne5+ 57. Ke3 h4 58. Nd4 Ng6
59. Ne2 Ne5 60. Nc1 Ke7 61. Nd3 Nc4+ 62. Kd4 Nd2 63. e5 h3
64. gxh3 Nxf3+ 65. Ke3 Nh4 66. Nf2 f5 67. exf6+ Kxf6 68. Ke4
Ng6 69. Ng4+ Kg7 70. Kd4 Kf8 71. Ke4 Ke7 72. Nh6 Nh4 73. Ng4
Ng2 74. Ne5 Kf6 75. Nf3 Nh4 76. Nxg5 e5 1/2-1/2

[Event "Bled Olympiad"]
[Site "Bled SLO"]
[Date "2002.11.08"]
[EventDate "2002.10.26"]
[Round "13"]
[Result "1-0"]
[White "Vasil Spasov"]
[Black "Amanmurad Kakageldyev"]
[WhiteElo "2591"]
[BlackElo "2468"]
[PlyCount "85"]

1. e4 g6 2. d4 Bg7 3. Nf3 d6 4. Be2 Nf6 5. Nc3 c6 6. O-O O-O
7. Re1 Nbd7 8. e5 dxe5 9. dxe5 Nd5 10. Nxd5 cxd5 11. Qd4 Qc7
12. Bd3 Nc5 13. Qh4 Nxd3 14. cxd3 f6 15. Bh6 Qd7 16. Bxg7 Kxg7
17. Rac1 Qd8 18. Re3 Bd7 19. Rce1 e6 20. exf6+ Qxf6 21. Qxf6+
Rxf6 22. Ne5 Rd8 23. g3 d4 24. Re4 Bc6 25. Nxc6 bxc6 26. Rxe6
Rd5 27. Re7+ Rf7 28. R1e5 Rxe5 29. Rxe5 Rf3 30. Kf1 Kf8
31. Ke2 Rf7 32. f4 Rb7 33. b3 Rb6 34. Ra5 Rb7 35. Kf3 Re7
36. Re5 Rd7 37. Ke4 Kf7 38. b4 Kf6 39. h4 h5 40. a3 Rd8
41. Ra5 Rd7 42. Ra6 Rd6 43. Rxa7 1-0

[Event "Bled Olympiad"]
[Site "Bled SLO"]
[Date "2002.11.08"]
[EventDate "2002.10.26"]
[Round "13"]
[Result "1/2-1/2"]
[White "Handszar Odeev"]
[Black "Marijan Petrov"]
[WhiteElo "2461"]
[BlackElo "2513"]
[PlyCount "107"]

1. e4 c5 2. Nf3 Nc6 3. d4 cxd4 4. Nxd4 Qb6 5. Nb5 Nf6 6. Be3
Qd8 7. N1c3 a6 8. Nd4 d6 9. Be2 e6 10. O-O Be7 11. f4 O-O
12. Kh1 Qc7 13. Qe1 Nxd4 14. Bxd4 b5 15. a3 Bb7 16. Qg3 Bc6
17. Rae1 Qb7 18. Bd3 b4 19. Nd1 g6 20. Nf2 Nh5 21. Qe3 Nxf4
22. Ng4 e5 23. Qxf4 exd4 24. Bc4 Kh8 25. Qd2 f6 26. Qxd4 Kg7
27. Rf3 Qd7 28. Rg3 bxa3 29. bxa3 Rae8 30. Ne3 Bd8 31. Nd5 Re5
32. Rf1 Rfe8 33. Bd3 Qb7 34. c4 a5 35. Rb1 Qd7 36. h3 Kg8
37. Rf3 Qg7 38. Rbf1 Rf8 39. R3f2 Rf7 40. Rb2 Rf8 41. Rb8 Qh6
42. Rxd8 Rxd8 43. Nxf6+ Kh8 44. Ng4 Qg5 45. Rf7 Kg8 46. Qa7
Rd7 47. Rxd7 Bxd7 48. Nxe5 Qxe5 49. Qxd7 Qa1+ 50. Kh2 Qe5+
51. Kh1 Qa1+ 52. Kh2 Qe5+ 53. Kh1 Qa1+ 54. Kh2 1/2-1/2

[Event "Bled Olympiad"]
[Site "Bled SLO"]
[Date "2002.11.08"]
[EventDate "2002.10.26"]
[Round "13"]
[Result "1-0"]
[White "Julian Radulski"]
[Black "Artek Ovezov"]
[WhiteElo "2487"]
[BlackElo "2353"]
[PlyCount "65"]

1. e4 e6 2. d4 d5 3. Nc3 dxe4 4. Nxe4 Bd7 5. Nf3 Bc6 6. Bd3
Nd7 7. O-O Ngf6 8. Ng3 h5 9. Bg5 Nb6 10. Re1 h4 11. Nxh4 Qd5
12. Re5 Qd7 13. c4 O-O-O 14. d5 Qd6 15. Nf3 exd5 16. Nf5 Qb4
17. c5 Nc4 18. Ne7+ Bxe7 19. Rxe7 Nxb2 20. Bf5+ Kb8 21. Qd4
Nc4 22. Rxc7 Ka8 23. Rxf7 Rhg8 24. Rxg7 Rxg7 25. Bxf6 Rgg8
26. Bxd8 Rxd8 27. h4 Rf8 28. Bg6 b6 29. cxb6 Qd6 30. h5 axb6
31. Re1 Kb7 32. Qg7+ Ka6 33. Bf7 1-0

[Event "Bled Olympiad"]
[Site "Bled SLO"]
[Date "2002.11.08"]
[EventDate "2002.10.26"]
[Round "13"]
[Result "1-0"]
[White "Mihail Marin"]
[Black "Dario Alzate"]
[WhiteElo "2556"]
[BlackElo "2432"]
[PlyCount "97"]

1. c4 e5 2. g3 Nf6 3. Bg2 c6 4. d4 exd4 5. Qxd4 Na6 6. Nf3 d5
7. O-O Nb4 8. cxd5 Qxd5 9. Nc3 Qxd4 10. Nxd4 Bc5 11. a3 Nbd5
12. Nxd5 Nxd5 13. Nb5 a6 14. e4 axb5 15. exd5 cxd5 16. Re1+
Be6 17. Bxd5 O-O 18. Bxe6 fxe6 19. Be3 Be7 20. Rad1 b4 21. Rd7
Rf7 22. axb4 Bxb4 23. Red1 Re8 24. R7d3 Rc7 25. Rb3 Bf8
26. Rb5 Rec8 27. Kg2 h6 28. h4 Rf7 29. Rd3 Kh7 30. Rdb3 Rcc7
31. Rb6 e5 32. R3b5 e4 33. h5 Rcd7 34. Kh3 Bd6 35. Kg4 Bb8
36. Re6 Rde7 37. Rxe7 Rxe7 38. Kf5 Kg8 39. Rd5 Kf7 40. Bc5 Rc7
41. Bb6 Re7 42. Bc5 Rc7 43. Kxe4 b5 44. b4 Rb7 45. Kf5 Ke8
46. Kg6 Ba7 47. Re5+ Kd8 48. Bxa7 Rxa7 49. Rxb5 1-0

[Event "Bled Olympiad"]
[Site "Bled SLO"]
[Date "2002.11.08"]
[EventDate "2002.10.26"]
[Round "13"]
[Result "0-1"]
[White "Jaime Alexander Cuartas Medina"]
[Black "Vladislav Nevednichy"]
[WhiteElo "2435"]
[BlackElo "2555"]
[PlyCount "126"]

1. e4 g6 2. d4 Bg7 3. Nf3 d6 4. Nc3 a6 5. h3 b5 6. Be3 Bb7
7. Bd3 Nd7 8. Ne2 c5 9. c3 Ngf6 10. Nd2 cxd4 11. cxd4 e5
12. O-O O-O 13. d5 Nc5 14. Bc2 a5 15. Bxc5 dxc5 16. a4 Ba6
17. axb5 Bxb5 18. Re1 Nh5 19. Nc3 Bd7 20. Nf3 Nf4 21. Ne2 Nh5
22. Ba4 Bc8 23. Bc6 Rb8 24. Qd2 Rb4 25. Nc1 c4 26. Ra4 Rxa4
27. Bxa4 Nf4 28. Ne2 Nd3 29. Rb1 f5 30. exf5 e4 31. Nfd4 Qxd5
32. Nc6 Qc5 33. Qe3 Qxe3 34. fxe3 Nxb2 35. Bc2 gxf5 36. Nxa5
Kh8 37. Nc6 Nd3 38. g3 Bd7 39. Ncd4 Bh6 40. Nf4 Rg8 41. Kh2
Nxf4 42. exf4 Bg7 43. Ne2 Ra8 44. g4 fxg4 45. Bxe4 Re8 46. Ng3
gxh3 47. Rb7 Bg4 48. Nf5 Bf8 49. Ng3 h5 50. Bg6 Re6 51. f5
Rxg6 52. fxg6 Bd6 53. Rb6 Be5 54. Rb5 Bf4 55. Rb7 c3 56. Rf7
c2 57. Rxf4 c1=Q 58. Rf2 Qe1 59. Ra2 h4 60. Ra8+ Kg7 61. Nf5+
Bxf5 62. Ra7+ Kf6 63. Rf7+ Kg5 0-1

[Event "Bled Olympiad"]
[Site "Bled SLO"]
[Date "2002.11.08"]
[EventDate "2002.10.26"]
[Round "13"]
[Result "1-0"]
[White "Alonso Zapata"]
[Black "Liviu Dieter Nisipeanu"]
[WhiteElo "2556"]
[BlackElo "2613"]
[PlyCount "71"]

1. e4 e5 2. Nf3 d6 3. d4 exd4 4. Nxd4 Nf6 5. Nc3 Be7 6. Bc4
O-O 7. O-O c6 8. Re1 b5 9. Bf1 b4 10. Na4 c5 11. Nf5 Bxf5
12. exf5 d5 13. c4 Nc6 14. Be3 d4 15. Bg5 Bd6 16. b3 h6
17. Bh4 Rc8 18. Nb2 g5 19. fxg6 fxg6 20. Qd3 Kf7 21. Bg3 Qc7
22. Qd2 Bxg3 23. hxg3 Kg7 24. Nd3 Qd6 25. Qf4 Qxf4 26. gxf4
Nb8 27. g3 Nbd7 28. Bh3 a5 29. Re7+ Rf7 30. Rxf7+ Kxf7
31. Ne5+ Nxe5 32. fxe5 Re8 33. exf6 Re2 34. a3 Rb2 35. axb4
axb4 36. Ra6 1-0

[Event "Bled Olympiad"]
[Site "Bled SLO"]
[Date "2002.11.08"]
[EventDate "2002.10.26"]
[Round "13"]
[Result "1/2-1/2"]
[White "Giovanni Portilho Vescovi"]
[Black "Julian Estrada Nieto"]
[WhiteElo "2614"]
[BlackElo "2345"]
[PlyCount "238"]

1. e4 e5 2. Nf3 Nc6 3. Bb5 a6 4. Bxc6 dxc6 5. O-O Qd6 6. Na3
Be6 7. Qe2 f6 8. Nc4 Qd7 9. Rd1 c5 10. c3 b5 11. Na5 c4 12. d4
cxd3 13. Rxd3 Bd6 14. b3 Ne7 15. Nb7 Qc6 16. Nxd6+ cxd6
17. Ba3 Rd8 18. Rad1 Nc8 19. Qd2 Qxe4 20. Bxd6 Bf5 21. Re3 Qc2
22. Nxe5 Qxd2 23. Rxd2 fxe5 24. Rxe5+ Be6 25. Rxe6+ Kf7
26. Re4 Rxd6 27. Rf4+ Ke7 28. Re2+ Re6 29. Rxe6+ Kxe6 30. a4
Rd8 31. Kf1 Rd3 32. axb5 axb5 33. Rb4 Nd6 34. c4 Rd4 35. Ke2
Ke5 36. Kf3 bxc4 37. bxc4 Rxc4 38. Rb3 g5 39. h3 h5 40. Ra3
Ne4 41. Ra2 Rc3+ 42. Ke2 Rc5 43. Ke3 Nc3 44. Ra1 Nd5+ 45. Ke2
Nf4+ 46. Kf1 Nd3 47. Ke2 Nf4+ 48. Kf1 Rc2 49. Ra5+ Kd4 50. Kg1
Rc5 51. Ra8 h4 52. Rg8 Ke4 53. Ra8 Rc1+ 54. Kh2 Nd3 55. Ra4+
Kf5 56. Ra5+ Rc5 57. Ra2 Rc1 58. Ra3 Ke4 59. Ra4+ Ke5 60. Ra5+
Nc5 61. g3 Kd4 62. Kg2 hxg3 63. Kxg3 Ne4+ 64. Kf3 Rc3+ 65. Kg4
Nxf2+ 66. Kxg5 Nxh3+ 67. Kf5 Nf2 68. Ra4+ Ke3 69. Ra5 Nd3
70. Rb5 Rc1 71. Ra5 Kd4 72. Ra4+ Kd5 73. Ra5+ Nc5 74. Kf4 Kd4
75. Kf5 Rf1+ 76. Kg5 Ne4+ 77. Kg4 Rg1+ 78. Kf4 Rf1+ 79. Kg4
Nf6+ 80. Kg5 Nd5 81. Kg4 Ne3+ 82. Kg5 Ke4 83. Ra4+ Ke5
84. Ra5+ Nd5 85. Kg4 Rf4+ 86. Kg5 Rb4 87. Kh5 Rd4 88. Kg5 Rb4
89. Kh5 Ke6 90. Kg5 Rc4 91. Ra6+ Ke5 92. Ra5 Ke4 93. Ra1 Ne3
94. Re1 Rc6 95. Ra1 Rc5+ 96. Kf6 Nd5+ 97. Ke6 Rc6+ 98. Kd7 Rh6
99. Re1+ Kf5 100. Rf1+ Nf4 101. Rd1 Ke5 102. Re1+ Kd4
103. Rd1+ Nd3 104. Ke7 Ke4 105. Kd7 Ne5+ 106. Ke7 Rh7+
107. Ke6 Rh6+ 108. Ke7 Rh7+ 109. Ke6 Rh6+ 110. Ke7 Nc6+
111. Kd7 Nd4 112. Ra1 Rh7+ 113. Kd6 Nb5+ 114. Kc6 Nd4+
115. Kd6 Nf5+ 116. Kc6 Rh6+ 117. Kc5 Rh2 118. Re1+ Ne3
119. Kd6 Rd2+ 1/2-1/2

[Event "Bled Olympiad"]
[Site "Bled SLO"]
[Date "2002.11.08"]
[EventDate "2002.10.26"]
[Round "13"]
[Result "1/2-1/2"]
[White "Sergio Slipak"]
[Black "Carlos Pereira dos Santos"]
[WhiteElo "2498"]
[BlackElo "2420"]
[PlyCount "43"]

1. d4 Nf6 2. c4 g6 3. g3 Bg7 4. Bg2 O-O 5. Nc3 d6 6. Nf3 c5
7. d5 e5 8. O-O a6 9. a4 Ne8 10. e4 b6 11. Ne1 f5 12. Nd3 Ra7
13. f4 exf4 14. Bxf4 Bd4+ 15. Kh1 g5 16. Bd2 Ng7 17. Qc2 Raf7
18. Rae1 f4 19. gxf4 gxf4 20. Bxf4 Nh5 21. Ne2 Nxf4 22. Nexf4
1/2-1/2

[Event "Bled Olympiad"]
[Site "Bled SLO"]
[Date "2002.11.08"]
[EventDate "2002.10.26"]
[Round "13"]
[Result "1/2-1/2"]
[White "Antonio Fernandes"]
[Black "Fernando Peralta"]
[WhiteElo "2482"]
[BlackElo "2478"]
[PlyCount "142"]

1. e4 d6 2. d4 Nf6 3. Nc3 g6 4. g3 Bg7 5. Bg2 O-O 6. Nge2 Nbd7
7. O-O c5 8. h3 Rb8 9. a4 a6 10. Be3 b6 11. Qd2 Re8 12. g4 h5
13. g5 Nh7 14. f4 cxd4 15. Nxd4 Bb7 16. Nde2 Qc7 17. Rad1 Rbc8
18. Rf2 Nhf8 19. h4 Qc4 20. Qc1 b5 21. axb5 axb5 22. Bf1 b4
23. Nd4 Qc7 24. Nd5 Qb8 25. Bg2 e6 26. Nxb4 Nc5 27. c3 Bxe4
28. Na6 Nxa6 29. Bxe4 d5 30. Bg2 Nc5 31. Qc2 Qb7 32. Re2 Nfd7
33. Bf2 Nb6 34. b3 Ncd7 35. Qd2 Qc7 36. Nb5 Qb8 37. Bd4 Bf8
38. Ra1 Nc5 39. Be5 Qb7 40. Ra7 Qc6 41. Nd4 Nxb3 42. Nxb3 Nc4
43. Qa2 Nxe5 44. fxe5 Qxc3 45. Ra4 Rb8 46. Nd2 Bc5+ 47. Kh2
Rb2 48. Nb1 Rxa2 49. Nxc3 Rxa4 50. Nxa4 Bd4 51. Nb2 Rb8
52. Nd3 Rb3 53. Ne1 Rb2 54. Rxb2 Bxe5+ 55. Kg1 Bxb2 56. Kf2
Kf8 57. Bf1 f5 58. Nd3 Bc3 59. Nf4 Kf7 60. Bb5 Bd2 61. Kf3 Be1
62. Ng2 Bd2 63. Nf4 Be1 64. Nd3 Bc3 65. Bc6 Ba1 66. Nf4 Bc3
67. Bd7 e5 68. Be6+ Kg7 69. Nxd5 Be1 70. Ne3 Bxh4 71. Nxf5+
gxf5 1/2-1/2

[Event "Bled Olympiad"]
[Site "Bled SLO"]
[Date "2002.11.08"]
[EventDate "2002.10.26"]
[Round "13"]
[Result "1-0"]
[White "Diogo Fernando"]
[Black "Martin Labollita"]
[WhiteElo "2408"]
[BlackElo "2392"]
[PlyCount "67"]

1. e4 Nf6 2. e5 Nd5 3. d4 d6 4. Nf3 Bg4 5. Be2 e6 6. O-O Be7
7. c4 Nb6 8. Nc3 O-O 9. Be3 Nc6 10. exd6 cxd6 11. d5 exd5
12. Nxd5 Nxd5 13. cxd5 Bxf3 14. Bxf3 Ne5 15. Be2 f5 16. f4 Nd7
17. Rc1 Bf6 18. Bd4 Qa5 19. Bf3 Rac8 20. Bxf6 Nxf6 21. Qb3
Rxc1 22. Rxc1 Qd2 23. Rd1 Qxf4 24. Qxb7 Qe3+ 25. Kh1 g5
26. Qb4 g4 27. Re1 Qf2 28. Bd1 Re8 29. Rg1 Ne4 30. Bf3 Nd2
31. Qf4 gxf3 32. Qg5+ Kf7 33. Qxf5+ Ke7 34. Qe6+ 1-0

[Event "Bled Olympiad"]
[Site "Bled SLO"]
[Date "2002.11.08"]
[EventDate "2002.10.26"]
[Round "13"]
[Result "1/2-1/2"]
[White "Pablo Zarnicki"]
[Black "Luis Galego"]
[WhiteElo "2499"]
[BlackElo "2506"]
[PlyCount "130"]

1. e4 e6 2. d4 d5 3. Nd2 dxe4 4. Nxe4 Nf6 5. Bd3 Nbd7 6. Nf3
c5 7. Nxf6+ Nxf6 8. O-O cxd4 9. Nxd4 Be7 10. c3 O-O 11. Bg5
Qd5 12. Bh4 b6 13. Be2 e5 14. Nb5 Qc5 15. Bxf6 Bxf6 16. Qd6
Qxd6 17. Nxd6 Be6 18. Nb5 Rad8 19. Rfd1 Rxd1+ 20. Rxd1 a5
21. b3 Rd8 22. Nc7 Rxd1+ 23. Bxd1 Bf5 24. Nd5 Bd8 25. b4 Be6
26. Bf3 f5 27. bxa5 e4 28. Nf4 Bc8 29. Bd1 bxa5 30. Bb3+ Kf8
31. Be6 Bc7 32. Bxc8 Bxf4 33. Bxf5 e3 34. fxe3 Bxe3+ 35. Kf1
h6 36. Ke2 Bg1 37. h3 Ke7 38. Kd3 a4 39. Kc4 Be3 40. Kb4 Bd2
41. a3 Kd6 42. Bc2 Be3 43. Bxa4 Bc5+ 44. Kb3 Be3 45. Bb5 Kc5
46. a4 Bf4 47. Kc2 Be5 48. Kd3 Bf6 49. c4 Bd8 50. Ke4 Ba5
51. Kf5 Bc3 52. Kg6 Kb4 53. g4 Bd4 54. Kf7 Bc3 55. Ke6 Kc5
56. Kf5 Kb6 57. Be8 Kc5 58. Bf7 Kb4 59. Ke4 Kc5 60. Kd3 Ba5
61. Bg6 Be1 62. Be4 Ba5 63. Bf3 Bb6 64. Be2 Kb4 65. Bd1 Ba7
1/2-1/2

[Event "Bled Olympiad"]
[Site "Bled SLO"]
[Date "2002.11.08"]
[EventDate "2002.10.26"]
[Round "13"]
[Result "0-1"]
[White "Mario Belli Pino"]
[Black "Martin Neubauer"]
[WhiteElo "2401"]
[BlackElo "2388"]
[PlyCount "154"]

1. d4 Nf6 2. Nf3 g6 3. Bf4 Bg7 4. e3 O-O 5. h3 c5 6. c3 Qb6
7. Qb3 Qxb3 8. axb3 cxd4 9. exd4 Nc6 10. b4 Re8 11. Be2 d6
12. Bh2 e5 13. dxe5 dxe5 14. Na3 e4 15. Nd2 Ne5 16. O-O Bd7
17. Nb3 Nd3 18. Rfb1 Rad8 19. Na5 Bc8 20. N5c4 a6 21. Nd6 Re6
22. Nac4 Ne8 23. Nxc8 Rxc8 24. Na5 Re7 25. Ra2 f5 26. Rd1 Bh6
27. Nb3 Nf6 28. Kf1 Nf4 29. Rd6 Ne8 30. Bxf4 Bxf4 31. Rb6 Bb8
32. Nc5 Ba7 33. Bc4+ Kg7 34. Re6 Bxc5 35. bxc5 Rxe6 36. Bxe6
Rxc5 37. Ke2 Kf6 38. Bg8 Nd6 39. Ra4 Nb5 40. Ra1 Rc8 41. Bd5
Rc7 42. f3 exf3+ 43. Bxf3 Rd7 44. Ra4 Ke5 45. Ke3 g5 46. Ra5
Kf6 47. c4 Nd4 48. Bd5 Nc2+ 49. Kf2 Nb4 50. Bf3 Nd3+ 51. Ke3
Nxb2 52. Bd5 Nd1+ 53. Kd4 Nf2 54. Ra2 Ne4 55. g4 Nd6 56. Kc5
f4 57. Rb2 Nf7 58. Rb6+ Ke7 59. Bxb7 a5 60. Bd5 Nd6 61. Kd4
Ra7 62. c5 Ne8 63. Re6+ Kd8 64. Bc6 Re7 65. Rh6 Rf7 66. Bd5
Rd7 67. Ke5 a4 68. Be4 Ra7 69. Rb6 a3 70. Bd5 a2 71. Bxa2 Rxa2
72. Kf5 f3 73. Rb3 f2 74. Rf3 Nc7 75. Kxg5 Nd5 76. Kh6 Ne3
77. Kxh7 f1=Q 0-1

[Event "Bled Olympiad"]
[Site "Bled SLO"]
[Date "2002.11.08"]
[EventDate "2002.10.26"]
[Round "13"]
[Result "1/2-1/2"]
[White "Mohamad Naser Al Sayed"]
[Black "Marc Dutreeuw"]
[WhiteElo "2435"]
[BlackElo "2327"]
[PlyCount "41"]

1. e4 e5 2. Bc4 Nf6 3. d3 c6 4. Nf3 d5 5. Bb3 Bd6 6. Nc3 dxe4
7. Ng5 O-O 8. Ncxe4 Nxe4 9. Nxe4 Bf5 10. O-O Na6 11. Nxd6 Qxd6
12. f4 Nc5 13. fxe5 Qd4+ 14. Kh1 Nxb3 15. axb3 Qxe5 16. Qh5
Rfe8 17. Bd2 Bg6 18. Qxe5 Rxe5 19. Rfe1 Rxe1+ 20. Rxe1 f6
21. Kg1 1/2-1/2

[Event "Bled Olympiad"]
[Site "Bled SLO"]
[Date "2002.11.08"]
[EventDate "2002.10.26"]
[Round "13"]
[Result "1-0"]
[White "Geert van der Stricht"]
[Black "Husein Aziz Nezad"]
[WhiteElo "2403"]
[BlackElo "2315"]
[PlyCount "85"]

1. d4 d5 2. c4 e6 3. Nc3 Be7 4. Nf3 Nf6 5. Bg5 O-O 6. e3 Nbd7
7. Rc1 dxc4 8. Bxc4 a6 9. e4 b5 10. Bd3 Bb7 11. e5 Nd5
12. Bxe7 Qxe7 13. Nxd5 Bxd5 14. Rxc7 Bxf3 15. gxf3 Rad8 16. h4
f6 17. Kf1 Qb4 18. Rg1 Qxb2 19. Bc2 Rf7 20. Bb3 Nf8 21. Rxf7
Kxf7 22. d5 Kg8 23. f4 fxe5 24. Qg4 exf4 25. dxe6 Kh8 26. Qxf4
Ng6 27. Qe4 Rf8 28. Qe1 Qf6 29. h5 Nf4 30. h6 Qxh6 31. Qc3 Ng6
32. Rg3 Qh1+ 33. Ke2 Nf4+ 34. Kd2 Qh6 35. Qe3 Qf6 36. Kc2 a5
37. a3 a4 38. Ba2 h6 39. Kb1 Rd8 40. Rg1 Nd3 41. Qe2 b4 42. e7
Rb8 43. e8=Q+ 1-0

[Event "Bled Olympiad"]
[Site "Bled SLO"]
[Date "2002.11.08"]
[EventDate "2002.10.26"]
[Round "13"]
[Result "1-0"]
[White "Claude Wagener"]
[Black "Gary W Lane"]
[WhiteElo "2199"]
[BlackElo "2436"]
[PlyCount "99"]

1. e4 e5 2. Nf3 Nc6 3. Bb5 Nf6 4. O-O Bc5 5. c3 O-O 6. d4 Bb6
7. Re1 d6 8. a4 a5 9. Bg5 h6 10. Bh4 Qe7 11. h3 Nb8 12. Nbd2
c6 13. Bf1 Re8 14. Nc4 Bc7 15. Qb3 Nbd7 16. Rad1 Qf8 17. Qc2
g5 18. Bg3 Nh5 19. Ne3 Ndf6 20. dxe5 dxe5 21. Bc4 Qc5 22. Kh2
Nf4 23. Qb3 Re7 24. Qc2 Ne8 25. h4 Nd6 26. Ba2 g4 27. Nd2 Ne8
28. Nb3 Qa7 29. c4 b6 30. c5 Rb8 31. cxb6 Qxb6 32. Rd2 Ng7
33. Nc5 Qa7 34. Qc3 h5 35. Rc1 Rb4 36. Nc2 Rb8 37. Ne3 Bb6
38. Qc4 Kh8 39. Qc3 Kh7 40. Nd3 Bd4 41. Qxc6 Bxe3 42. fxe3
Qxe3 43. Qc3 Qxe4 44. Re1 Qxa4 45. Bb1 Nxd3 46. Bxd3+ Kg8
47. Rxe5 Reb7 48. Rg5 f6 49. Qxf6 Rf7 50. Bh7+ 1-0

[Event "Bled Olympiad"]
[Site "Bled SLO"]
[Date "2002.11.08"]
[EventDate "2002.10.26"]
[Round "13"]
[Result "0-1"]
[White "Amir Mallahi"]
[Black "Kaido Kulaots"]
[WhiteElo "2406"]
[BlackElo "2542"]
[PlyCount "68"]

1. e4 c5 2. Nf3 d6 3. d4 cxd4 4. Nxd4 Nf6 5. Nc3 a6 6. f4 Qc7
7. Nf3 Nbd7 8. Bd3 g6 9. O-O Bg7 10. Qe1 b5 11. e5 dxe5
12. fxe5 Ng4 13. e6 fxe6 14. Qe4 Qa7+ 15. Kh1 Ndf6 16. Qe2 O-O
17. Ng5 Qc7 18. Bf4 e5 19. Bg3 Bd7 20. a4 Bh6 21. Nge4 Ne3
22. Rf2 b4 23. Na2 a5 24. Bh4 Bg4 25. Qe1 Nxe4 26. Bxe4 Rxf2
27. Bxf2 Nxc2 28. Bxc2 Qxc2 29. Qxe5 Qf5 30. Re1 Qxf2 31. Qd5+
Kg7 32. Rxe7+ Kf8 33. Qxa8+ Kxe7 34. Qa7+ Qxa7 0-1